| 000 | 00562 a2200181 4500 | ||
|---|---|---|---|
| 999 |
_c4619 _d4619 |
||
| 010 | _aENG-86475 | ||
| 020 |
_a0143032178 _c295.00 |
||
| 035 | _aEN-70008 | ||
| 037 | _bDBAD / PUB | ||
| 082 | 1 | 4 | _a796.358 |
| 100 | 1 | _aBose, Mihir | |
| 245 | 1 |
_aA maidan view : _cby Mihir Bose _bthe magic of Indian cricket / |
|
| 260 |
_aNew Delhi _bPenguin Books India _c2006 |
||
| 270 |
_a11, Community Centre, Panchsheel Park _bNew Delhi _cWest Bengal |
||
| 300 |
_axii, 372p. _c20cm (Pbk) |
||
| 500 | _aIncludes index | ||
| 942 |
_adpl _cEN _2ddc _h796.358 _mBOS |
||